Sports Quiz

Random Sports or Cricket Quiz
Score 0/82 Timer 10:00
0 Plays Today
Test Matches with Ponting Player % Correct
85SK Warne
99.2%
88AC Gilchrist
98.1%
85GD McGrath
98.1%
90ML Hayden
97.5%
83JL Langer
97.2%
70SR Waugh
96.8%
59ME Waugh
96.8%
24SR Clark
96.7%
81MJ Clarke
96.4%
72B Lee
95.4%
58JN Gillespie
93%
46MG Johnson
91.3%
74MEK Hussey
89.4%
53DR Martyn
88.3%
34SR Watson
87%
37SCG MacGill
86.9%
41BJ Haddin
86.2%
15PJ Hughes
85.2%
33PM Siddle
83.7%
22MA Taylor
83%
52SM Katich
82.2%
35MJ Slater
81.4%
28IA Healy
80.8%
26A Symonds
80.8%
4SPD Smith
79.5%
12DA Warner
79.3%
32MS Kasprowicz
76.5%
15NM Lyon
75.9%
Test Matches with Ponting Player % Correct
3DC Boon
74.7%
25BW Hilfenhaus
73.8%
18DS Lehmann
73.7%
17NM Hauritz
71.5%
5MA Starc
69.6%
4MG Bevan
67.9%
11RJ Harris
66.2%
3SW Tait
65.5%
6SE Marsh
65.4%
21MJ North
64.5%
14DW Fleming
63.8%
1CJL Rogers
63.5%
16AJ Bichel
62.7%
7JL Pattinson
62.1%
7GB Hogg
61.9%
6BJ Hodge
61.9%
4UT Khawaja
61.7%
24GS Blewett
59.6%
6MS Wade
58.3%
1SG Law
58.1%
2XJ Doherty
57.4%
12DE Bollinger
56.5%
12MTG Elliott
56.1%
3CJ McDermott
55.9%
5NW Bracken
55%
10EJM Cowan
54.7%
11PA Jaques
53.8%
12PR Reiffel
52.9%
Test Matches with Ponting Player % Correct
4TD Paine
52.2%
1GA Manou
51.4%
1MA Beer
51.3%
1PJ Cummins
50.9%
4CL White
50%
12CR Miller
49.7%
4ML Love
48%
2JJ Krejza
45.8%
4BA Williams
39.6%
4AB McDonald
37.1%
1BE McGain
36.6%
1B Casson
35.5%
1BP Julian
33.6%
1S Young
28.4%
1P Wilson
27.9%
1DJ Cullen
27.7%
2AC Dale
27.4%
2SA Muller
27%
1CJ McKay
26.3%
2RJ Quiney
25.7%
2TA Copeland
25.2%
1JW Hastings
25.1%
3GR Robertson
24.9%
1PR George
24.1%
1PE McIntyre
17.9%
2SH Cook
17.4%
Remove Ads.
Support Sporcle.
Get the best of Sporcle when you Go Orange. This ad-free experience offers more features, more stats, and more fun while also helping to support Sporcle. Thank you for becoming a member.

You're not logged in!

Compare scores with friends on all Sporcle quizzes.
OR
Log In

Show Comments

Extras

Top Quizzes Today


Score Distribution

Your Account Isn't Verified!

In order to create a playlist on Sporcle, you need to verify the email address you used during registration. Go to your Sporcle Settings to finish the process.

Report this User

Report this user for behavior that violates our Community Guidelines.

Details: